000 00555nam a2200205Ia 4500
005 20250923145919.0
008 008 250917s9999 xx 000 0 eng d
037 _aTextual
040 _aDSWL
_beng
_cDSWL
041 _aeng
_2eng
084 _aY15:4312, N94
_qDSWL
100 _aSandhya
_9840239
245 0 _aWidowhood: A Socio-Psychiatric study
_c by Sandhya
260 _aNew Delhi
_b Mohit
_c1994
300 _a304p.
365 _aINR
_b350.00
925 _g350.00
942 _cTEXL
_hY15:4312, N94
999 _c1457283
_d1457283